000 00224nam a2200097Ia 4500
008 190216s9999||||xx |||||||||||||| ||und||
100 _aC N Ahammed Moulavi
245 0 _a"Quaran Paribhasha Vol 1,2,3,4"
260 _bNull
942 _cBK
999 _c5
_d5